5HLuxD.jpg

KING HENRY VIII SENIOR AND PRIMARY SCHOOL LIBRARY OPAC

Charlie Wilson's war : (Record no. 4200)

000 -LEADER
fixed length control field 00942cam a22002774a 4500
001 - CONTROL NUMBER
control field 12662381
003 - CONTROL NUMBER IDENTIFIER
control field OSt
005 - DATE AND TIME OF LATEST TRANSACTION
control field 20250124105833.0
008 - FIXED-LENGTH DATA ELEMENTS--GENERAL INFORMATION
fixed length control field 020130s2003 nyua 001 0 eng
010 ## - LIBRARY OF CONGRESS CONTROL NUMBER
LC control number 2002019074
020 ## - INTERNATIONAL STANDARD BOOK NUMBER
International Standard Book Number 9781843547198
040 ## - CATALOGING SOURCE
Original cataloging agency DLC
Transcribing agency DLC
Modifying agency DLC
-- KH8
042 ## - AUTHENTICATION CODE
Authentication code pcc
043 ## - GEOGRAPHIC AREA CODE
Geographic area code a-af---
-- n-us---
082 00 - DEWEY DECIMAL CLASSIFICATION NUMBER
Classification number 958.104 CRI
100 1# - MAIN ENTRY--PERSONAL NAME
Personal name Crile, George,
Relator term author.
245 10 - TITLE STATEMENT
Title Charlie Wilson's war :
Remainder of title the extraordinary story of the covert operation that changed the history of our times /
Statement of responsibility, etc. George Crile.
260 ## - PUBLICATION, DISTRIBUTION, ETC.
Place of publication, distribution, etc. New York :
Name of publisher, distributor, etc. Atlantic Monthly Press,
Date of publication, distribution, etc. c2002.
300 ## - PHYSICAL DESCRIPTION
Extent x, 550 p. :
Other physical details ill. ;
Dimensions 24 cm.
500 ## - GENERAL NOTE
General note Includes index.
600 10 - SUBJECT ADDED ENTRY--PERSONAL NAME
Personal name Wilson, Charles,
Dates associated with a name 1933-2010.
610 10 - SUBJECT ADDED ENTRY--CORPORATE NAME
Corporate name or jurisdiction name as entry element United States.
Subordinate unit Central Intelligence Agency.
650 #0 - SUBJECT ADDED ENTRY--TOPICAL TERM
Topical term or geographic name entry element Military assistance, American
Geographic subdivision Afghanistan.
651 #0 - SUBJECT ADDED ENTRY--GEOGRAPHIC NAME
Geographic name Afghanistan
General subdivision History
Chronological subdivision Soviet occupation, 1979-1989
General subdivision Secret service.
942 ## - ADDED ENTRY ELEMENTS (KOHA)
Source of classification or shelving scheme
Koha item type Books - Non Ficton
Holdings
Withdrawn status Lost status Source of classification or shelving scheme Damaged status Not for loan Collection code Permanent Location Current Location Shelving location Date acquired Full call number Barcode Date last seen Price effective from Koha item type
          Non-Fiction KH8 Senior School Library KH8 Senior School Library Non Fiction 2025-01-24 958.104 CRI 3KHSL000102145 2025-01-24 2025-01-24 Books - Non Ficton

Powered By KH8 IT Dept